header

Conflicts in construction (Record no. 187396)

MARC details
000 -LEADER
fixed length control field 01197nam a2200313 a 4500
100 1# - MAIN ENTRY--AUTHOR NAME
Personal name Whitfield, Jeffery.
245 10 - TITLE STATEMENT
Title Conflicts in construction
250 ## - EDITION STATEMENT
Edition statement 2nd ed.
260 ## - PUBLICATION, DISTRIBUTION, ETC. (IMPRINT)
Place of publication Chichester, England ;
-- Ames, Iowa :
Name of publisher Wiley-Blackwell,
Year of publication 2012.
300 ## - PHYSICAL DESCRIPTION
Number of Pages vi, 144 p.
500 ## - GENERAL NOTE
General note Includes index.
650 #0 - SUBJECT ADDED ENTRY--TOPICAL TERM
Topical Term Construction industry
Topical Term Conflict management.
856 40 - ELECTRONIC LOCATION AND ACCESS
Uniform Resource Identifier http://site.ebrary.com/lib/rucke/Doc?id=10580260

No items available.

© 2026 Rongo University
Contact us: librarian | system librarian | Rongo university